000
00252nam a22001217a 4500
008
190304b xxu||||| |||| 00| 0 eng d
041
_a
eng
080
_a
573
100
_a
11
101
_a
BIO
245
_a
Parasitology
_c
Noble,E.R
942
_2
udc
_c
BK
999
_c
54428
_d
54428